000 02248nam a2200541 a 4500
001 620395
003 OST
005 20140310181758.0
008 920224s1995 ctuab e 001 0deng
010 _a 92121098
020 _a0717253724 (set)
040 _aDLC
_cDLC
050 0 0 _aAE 5
_b.G874 2004
082 0 0 _aREF 030
_bG89 2004
245 0 0 _aEncyclopedia of knowledge /
_cGrolier.
260 _aU.S.A. :
_bGrolier Inc,
_c2004.
300 _a20 v. :
_bill. (some col.), col. maps ;
_c25 cm.
500 _aIncludes index.
520 _av.1. Encyclopedias and dictionaries. -- v.2. Encyclopedias and dictionaries. --v.3. Encyclopedias and dictionaries. --v.4. Encyclopedias and dictionaries. --v.5. Encyclopedias and dictionaries. --v.6. Encyclopedias and dictionaries. --v.7. Encyclopedias and dictionaries. --v.8. Encyclopedias and dictionaries. --v.9. Encyclopedias and dictionaries. --v.10. Encyclopedias and dictionaries. --v.11. Encyclopedias and dictionaries. --v.12. Encyclopedias and dictionaries. --v.13. Encyclopedias and dictionaries. --v.14. Encyclopedias and dictionaries. --v.15. Encyclopedias and dictionaries. --v.16. Encyclopedias and dictionaries. --v.17. Encyclopedias and dictionaries. --v.18. Encyclopedias and dictionaries. --v.19. Encyclopedias and dictionaries. --v.20. Encyclopedias and dictionaries. --
521 _a
541 _i1
_j1
541 _i2
_j1
541 _i3
_j1
541 _i4
_j1
541 _i5
_j1
541 _i6
_j1
541 _i7
_j1
541 _i8
_j1
541 _i9
_j1
541 _i10
_j1
541 _i11
_j1
541 _i12
_j1
541 _i13
_j1
541 _i14
_j1
541 _i15
_j1
541 _i16
_j1
541 _i17
_j1
541 _i18
_j1
541 _i19
_j1
541 _i20
_j1
562 _e20
650 0 _aEncyclopedias and dictionaries.
710 2 _aGrolier Incorporated.
740 0 _aGrolier encyclopedia of knowledge.
906 _a7
_bcbc
_corignew
_d2
_encip
_f19
_gy-gencatlg
942 _2lcc
_cBK-GR
999 _c3540
_d3540